SSC Maths CGL Warrior/ (Record no. 207618)

MARC details
000 -LEADER
fixed length control field 00669nam a22002057a 4500
005 - DATE AND TIME OF LATEST TRANSACTION
control field 20251208115328.0
010 ## - LCCN (DPL NO)
LC control number DEC24SC ENG-142964 ENG-147297
020 ## - INTERNATIONAL STANDARD BOOK NUMBER
International Standard Book Number 9789358704334
Terms of availability 300.00
035 ## - SYSTEM CONTROL NUMBER
System control number EN-126496
035 ## - SYSTEM CONTROL NUMBER
System control number EN-130829
037 ## - SOURCE OF ACQUISITION
Source of stock number/acquisition DBAD
082 ## - DEWEY DECIMAL CLASSIFICATION NUMBER
Classification number 510
Edition number 2
100 ## - MAIN ENTRY--PERSONAL NAME
Personal name Aditya Ranjan Sir
245 ## - TITLE STATEMENT
Title SSC Maths CGL Warrior/
Statement of responsibility, etc By Aditya Ranjan Sir
250 ## - EDITION STATEMENT
Edition statement 2
260 ## - PUBLICATION, DISTRIBUTION, ETC. (IMPRINT)
Place of publication, distribution, etc New Delhi
Name of publisher, distributor, etc S Chand and Company Limited
Date of publication, distribution, etc 2024
270 ## - ADDRESS
Address A-27, 2nd Floor, Mohan Co-operative Industrial Estate
City New Delhi
Postal code 110044
Electronic mail address info@schandpublishing.com
Telephone number 011-49731800
300 ## - PHYSICAL DESCRIPTION
Extent 317p.
Dimensions 26cm(pb)
942 ## - ADDED ENTRY ELEMENTS (KOHA)
Source of classification or shelving scheme Dewey Decimal Classification
Item type English Books
Classification part 510
Call number suffix RAN
Edition 1
Holdings
Withdrawn status Lost status Not for loan Collection code Home library Current library Date acquired Source of acquisition Cost, normal purchase price Full call number Barcode Copy number Cost, replacement price Koha item type
      Non-fiction Bawana Bawana 08/12/2025 Delivery of Books Act Division 300.00 510 RAN EN-130829 1 300.00 English Books
      Non-fiction Sarojini Nagar Sarojini Nagar 11/12/2024 Delivery of Books Division 300.00 510 RAN EN-126496 1 300.00 English Books

© Delhi Public Library
Hit Counter
free hit counter